000
00289nam a2200121Ia 4500
008
191201s2014 xx 000 0 und d
100
_a
JAIN, Vijay K
245
0
_a
Advanced Machining Process
260
_a
N. delhi
_b
Allied
_c
2014
300
_a
371
650
_a
B.Tech(CE)
942
_2
ddc
_c
BK
999
_c
6159
_d
6159